Statistics for Biggest Cities in Palau

Click here to take the quiz!

General Stats

  • This quiz has been taken 25 times
    (11 since last reset)
  • The average score is 2 of 10

Answer Stats

Population City / Town % Correct
100%
14,000Koror
78%
271Melekeok
67%
702Kloulklubed
0%
581Ulimang
0%
488Mengellang
0%
320Angaur
0%
300Ngchesar
0%
270Ngchemiangel
0%
221Ngerkeai
0%

Score Distribution

Percentile by Number Answered

Percent of People with Each Score

Your Score History

You have not taken this quiz since the last reset